|
|
|
|
| LEADER |
00000naa2a2200000 4500 |
| 001 |
215253 |
| 005 |
20231221090135.0 |
| 035 |
|
|
|a (RuTPU)RU\TPU\book\235154
|
| 090 |
|
|
|a 215253
|
| 100 |
|
|
|a 20120507d2004 k y0rusy50 ca
|
| 101 |
0 |
|
|a rus
|
| 102 |
|
|
|a RU
|
| 200 |
1 |
|
|a Изготовление изделий методами послойного синтеза из пластмассоподобных материалов
|f А. А. Сапрыкин, Н. А. Сапрыкина
|
| 461 |
|
1 |
|0 (RuTPU)RU\TPU\book\119005
|t Прогрессивные технологии и экономика в машиностроении
|o труды II Всероссийской научно-практической конференции, 29-30 апреля 2004 года, Юрга
|f Томский политехнический университет; Прогрессивные технологии и экономика в машиностроении; под ред. О. Ю. Ретюнского
|d 2004
|
| 463 |
|
1 |
|0 (RuTPU)RU\TPU\book\118383
|t Т. 1
|v С. 139-141
|d 2004
|p 200 с.
|
| 610 |
1 |
|
|a послойный синтез
|
| 610 |
1 |
|
|a пластики
|
| 610 |
1 |
|
|a технологии
|
| 610 |
1 |
|
|a прототипирование
|
| 610 |
1 |
|
|a пластмассы
|
| 610 |
1 |
|
|a труды учёных ТПУ
|
| 610 |
1 |
|
|a изготовление
|
| 700 |
|
1 |
|a Сапрыкин
|b А. А.
|c специалист в области машиностроения
|c заведующий кафедрой Юргинского технологического института (филиала) Томского политехнического университета, кандидат технических наук
|f 1977-
|g Александр Александрович
|3 (RuTPU)RU\TPU\pers\24241
|9 10727
|
| 701 |
|
1 |
|a Сапрыкина
|b Н. А.
|c специалист в области машиностроения
|c доцент Юргинского технологического иститута (филиала) Томского политехнического университета, кандидат технических наук
|f 1977-
|g Наталья Анатольевна
|3 (RuTPU)RU\TPU\pers\26502
|9 12204
|
| 801 |
|
1 |
|a RU
|b 63413507
|c 20120507
|
| 801 |
|
2 |
|a RU
|b 63413507
|c 20150221
|g RCR
|
| 942 |
|
|
|c BK
|